Sections of the Met Quiz Stats

 Plays Quiz not verified by Sporcle

Support Sporcle.
Go Orange.
Score 0/18 Timer 03:00
0 Plays Today
Sample Artwork or Artist Answer % Correct
Ionic ColumnGreek and Roman Art
100%
Washington Crossing the DelawareThe American Wing
92.9%
Temple of DendurEgyptian Art
92.9%
PollockModern and Contemporary Art
92.9%
Rembrandt European Painting, 1250-1800
92.9%
Buddha Asian Art
85.7%
MaskArts of Africa, Oceania, and the Americas
78.6%
Sword with Scabbard Arms and Armor
78.6%
RodinEuropean Sculpture and Decorative Arts
78.6%
Sample Artwork or Artist Answer % Correct
Antonio StradivariMusical Instruments
71.4%
Jaquelin de RibsThe Costume Institute
64.3%
Reliquary StatueMedieval Art
57.1%
Botticelli Robert Lehman Collection
57.1%
LamassuAncient Near Eastern Art
57.1%
Julia Margaret Cameron Photographs
57.1%
Van Gogh19th and Early 20th century European Painting and Sculpture
57.1%
Decorated AlphabetDrawing and Prints
50%
Anhalt Medallion CarpetArt of the Arab Lands
42.9%

You're not logged in!

Compare scores with friends on all Sporcle quizzes.
OR
Log In

From the Vault

South American 'E' Countries

by Flick

We're going to South America? Alpaca bag.
Remove Ads.
Support Sporcle.
Get the best of Sporcle when you Go Orange. This ad-free experience offers more features, more stats, and more fun while also helping to support Sporcle. Thank you for becoming a member.

Show Comments

Extras

Top Quizzes Today


Score Distribution

Your Account Isn't Verified!

In order to create a playlist on Sporcle, you need to verify the email address you used during registration. Go to your Sporcle Settings to finish the process.

Report this User

Report this user for behavior that violates our Community Guidelines.

Details: